000 00450nam a22001697a 4500
003 NUST - PNEC
005 20170116180930.0
008 150905b xxu||||| |||| 00| 0 eng d
020 _a0824799070
040 _cLIBRARY
082 _a621.3104202 GIL
100 _98183
_aGill, Paul
245 _aElectrical power equipment maintenance and testing
_cPaul Gill
260 _cc.2005
650 _98186
_aElectrical engineering
_xEE
942 _2ddc
_cBK
999 _c65875
_d65875